01258cam a2200253 a 4500001000700000003000400007005001700011008004100028020001800069040001300087041000800100082001200108100002400120245009300144260003700237300005900274440003500333500040200368650003300770942001500803949001200818999001700830952015700847290414OSt20230322135355.0890704r20001993sp a r 00011 spa d a9789580414902 cCO-MqBPB0 aspa04aCbMAAc1 aMaar, Paul, d1937-13aEl canguro aprende a volar / cPaul Maar ; traducción de Marta Antonieta Nalus Feres. aBogotá ;bNorma S.A. , c1993. a51 paginas: bilustraciones, Tapa Rústica ; c19 cm. 0aTorre de papel. p Torre roja aLos pájaros se posan en la ventana del canguro todas las mañanas al amanecer, y hacen tal alboroto que no lo dejan dormir. El canguro está desesperado y no sabe qué hacer; como no entiende por qué los pájaros presumen tanto y son tan insolentes, decide mostrarles que no son los únicos animales que pueden volar, todos nos hemos encontrado ante situaciones imprevistas e incómodas. aCuentos infantiles alemanes. 2ddccBKLIT an bn c14852d14852 00102ddc40708LIaBPMOSbBPMOScFICd2023-03-22eDonaciónl1m1oC MAAcpMOS503080r2023-12-06s2023-08-25tEj. 1w2023-03-22yBKLITzQuince días